Song Titles: Fill In The Missing Word - Musical Genres (1950's) - Statistics

General Stats
  • This quiz has been taken 26 times
  • The average score is 6 of 12
Answer Stats
Artist Song Title % Correct
Elvis Presley Jailhouse {Rock}
100%
Guy Mitchell Singing The {Blues}
80%
Patti Page The Tennessee {Waltz}
80%
Rosemary Clooney This Ole {House}
76%
Gene Vincent {Be-Bop}-A-Lula
64%
Chuck Berry {Rock} {and} {Roll} Music
64%
Bing Crosby Papa Loves {Mambo}
36%
Hank Mizell {Jungle} Rock
28%
Alma Cogan Never Do A {Tango} With An Eskimo
28%
Winifred Atwell Black and White {Rag}
20%
Little Richard Ooh! My {Soul}
20%
Bill Haley & His Comets Rock-A-Beatin' {Boogie}
20%
No matching quizzes found
Score Distribution
Percent of People with Each Score
Percentile by Number Answered
Your Score History
You have not taken this quiz